000 01286cam a2200325 i 4500
001 3198059
003 ARRUPE
005 20220520083347.0
008 770524s1976 enk b 011 0 engs
010 _a 77356816
015 _aGB***
020 _a0582642078 :
_c£7.00
020 _a0582642086 (pbk.)
040 _aDLC
_cDLC
_dDLC
043 _af------
050 0 0 _aDT1.5
_b.A425
082 0 0 _a960/.3
245 0 0 _aAfrican studies since 1945 :
_ba tribute to Basil Davidson : proceedings of a seminar in honour of Basil Davidson's sixtieth birthday at the Centre of African Studies, University of Edinburgh under the chairmanship of George Shepperson /
_cedited by Christopher Fyfe.
260 _aLondon :
_bLongman,
_c1976.
300 _avii, 255 p. ;
_c24 cm.
500 _aImprint covered by label: Holmes & Meier Publishers, Inc., Import Division, New York.
504 _aIncludes bibliographical references and index.
600 1 0 _aDavidson, Basil,
_d1914-2010.
_930545
651 0 _aAfrica
_vCongresses.
_951716
700 1 _aDavidson, Basil,
_d1914-2010.
_930545
700 1 _aFyfe, Christopher.
_951717
710 2 _aUniversity of Edinburgh.
_bCentre of African Studies.
_951718
906 _a7
_bcbc
_corignew
_d3
_encip
_f19
_gy-gencatlg
942 _2lcc
_cMONOGRAPH
999 _c131477
_d131477